<?xml version="1.0" encoding="UTF-8"?>
<record
    xmlns:xsi="http://www.w3.org/2001/XMLSchema-instance"
    xsi:schemaLocation="http://www.loc.gov/MARC21/slim http://www.loc.gov/standards/marcxml/schema/MARC21slim.xsd"
    xmlns="http://www.loc.gov/MARC21/slim">

  <leader>00467nam a2200169Ia 4500</leader>
  <controlfield tag="008">230718s9999    xx            000 0 und d</controlfield>
  <datafield tag="020" ind1=" " ind2=" ">
    <subfield code="a">9788121902816</subfield>
  </datafield>
  <datafield tag="041" ind1=" " ind2=" ">
    <subfield code="a">eng</subfield>
  </datafield>
  <datafield tag="082" ind1=" " ind2=" ">
    <subfield code="a">658.4'034</subfield>
    <subfield code="b">GUP</subfield>
  </datafield>
  <datafield tag="100" ind1=" " ind2=" ">
    <subfield code="a">Gupta P.K.</subfield>
    <subfield code="9">110418</subfield>
  </datafield>
  <datafield tag="245" ind1=" " ind2=" ">
    <subfield code="a">Operations Research</subfield>
  </datafield>
  <datafield tag="260" ind1=" " ind2=" ">
    <subfield code="b">S. Chand </subfield>
  </datafield>
  <datafield tag="300" ind1=" " ind2=" ">
    <subfield code="d">Ref 166 M (51794)</subfield>
  </datafield>
  <datafield tag="365" ind1=" " ind2=" ">
    <subfield code="c">Rs.</subfield>
    <subfield code="b">895.00</subfield>
  </datafield>
  <datafield tag="700" ind1=" " ind2=" ">
    <subfield code="a">Gupta P.K. &amp; Hira D.S.</subfield>
    <subfield code="9">116893</subfield>
  </datafield>
  <datafield tag="906" ind1=" " ind2=" ">
    <subfield code="d">O:0480825-Dec-2015B:SE/SI/246525-Dec-2015</subfield>
    <subfield code="c">MECH</subfield>
    <subfield code="b">1969</subfield>
  </datafield>
  <datafield tag="999" ind1=" " ind2=" ">
    <subfield code="c">340800</subfield>
    <subfield code="d">340800</subfield>
  </datafield>
  <datafield tag="952" ind1=" " ind2=" ">
    <subfield code="0">0</subfield>
    <subfield code="1">0</subfield>
    <subfield code="4">0</subfield>
    <subfield code="7">0</subfield>
    <subfield code="a">CCEP</subfield>
    <subfield code="b">CCEP</subfield>
    <subfield code="d">2015-12-25</subfield>
    <subfield code="e">Suyog Enterprises</subfield>
    <subfield code="f">MECH</subfield>
    <subfield code="g">698.10</subfield>
    <subfield code="i">SE/SI/2465</subfield>
    <subfield code="l">0</subfield>
    <subfield code="o">658.4'034</subfield>
    <subfield code="p">CCEP-BK-52007</subfield>
    <subfield code="r">2023-07-18 00:00:00</subfield>
    <subfield code="t">1969</subfield>
    <subfield code="v">895.00</subfield>
    <subfield code="w">2015-12-25</subfield>
    <subfield code="y">BK</subfield>
    <subfield code="z">052007</subfield>
  </datafield>
</record>
